Компьютерные технологии и графика: атлас; учебное пособие

מידע ביבליוגרפי
מחברים אחרים: Учаев П. Н. Петр Николаевич (редактор), Емельянов С. Г. Сергей Геннадьевич, Учаева К. П. Капиталина Павловна, Попов Ю. А. Юрий Алексеевич
סיכום:Авт. указаны на обл.
Проиллюстрированы компьютерные 2D- и 3D-технологии для обеспечения автоматизированного проектирования изделий машиностроения. Особое внимание уделено конструированию типовых деталей машин на базе графических систем. Показан процесс создания 2D- и 3D-моделей типовых деталей машин, подсборок и сборок на примере редуктора типа КЦ1. Кроме того, приведены примеры рабочих чертежей, чертежей общего вида и сборочного, а также текстовых документов (спецификаций), разработанных и оформленных с использованием моделей в соответствии с требованиями Единой системы конструкторской документации (ЕСКД) и единой системы допусков и посадок (ЕСДП). Для студентов всех инженерно-технических специальностей. Он может быть полезен для преподавателей и работников конструкторско-технологических подразделений промышленных предприятий.
שפה:רוסית
יצא לאור: Старый Оскол, ТНТ, 2019
נושאים:
פורמט: ספר
KOHA link:https://koha.lib.tpu.ru/cgi-bin/koha/opac-detail.pl?biblionumber=344441

MARC

LEADER 00000nam0a2200000 4500
001 344441
005 20231102005650.0
010 |a 9785941782819 
035 |a (RuTPU)RU\TPU\book\375934 
035 |a RU\TPU\book\218573 
090 |a 344441 
100 |a 20110908d2019 m y0rusy50 ca 
101 0 |a rus 
102 |a RU 
105 |a a j 001zy 
200 1 |a Компьютерные технологии и графика  |e атлас  |e учебное пособие  |f П. Н. Учаев, С. Г. Емельянов, К. П. Учаева, Ю. А. Попов  |g под ред. П. Н. Учаева 
210 |a Старый Оскол  |c ТНТ  |d 2019 
215 |a 276 с.  |c ил. 
300 |a Авт. указаны на обл. 
320 |a Библиогр.: с. 275 
330 |a Проиллюстрированы компьютерные 2D- и 3D-технологии для обеспечения автоматизированного проектирования изделий машиностроения. Особое внимание уделено конструированию типовых деталей машин на базе графических систем. Показан процесс создания 2D- и 3D-моделей типовых деталей машин, подсборок и сборок на примере редуктора типа КЦ1. Кроме того, приведены примеры рабочих чертежей, чертежей общего вида и сборочного, а также текстовых документов (спецификаций), разработанных и оформленных с использованием моделей в соответствии с требованиями Единой системы конструкторской документации (ЕСКД) и единой системы допусков и посадок (ЕСДП). Для студентов всех инженерно-технических специальностей. Он может быть полезен для преподавателей и работников конструкторско-технологических подразделений промышленных предприятий. 
606 1 |a Компьютерная графика  |2 stltpush  |3 (RuTPU)RU\TPU\subj\15166  |9 41434 
610 1 |a предприятия 
610 1 |a проектирование 
610 1 |a автоматизация 
610 1 |a насосы 
610 1 |a редукторы 
610 1 |a типовые детали 
610 1 |a элементы 
610 1 |a формы 
610 1 |a проектирование 
610 1 |a проектная документация 
610 1 |a изображения 
610 1 |a построение 
610 1 |a редактирование 
610 1 |a чертежи 
610 1 |a оформление 
610 1 |a сборочные чертежи 
610 1 |a 3D-модели 
610 1 |a 2D-модели 
610 1 |a рабочие чертежи 
610 1 |a трехмерное параметрическое моделирование 
610 1 |a двумерное моделирование 
610 1 |a ассоциативные чертежи 
610 1 |a спецификация 
610 1 |a атласы 
610 1 |a учебные пособия 
675 |a 004.92(075.8)  |v 4 
701 1 |a Учаев  |b П. Н.  |g Петр Николаевич 
701 1 |a Емельянов  |b С. Г.  |g Сергей Геннадьевич 
701 1 |a Учаева  |b К. П.  |g Капиталина Павловна 
701 1 |a Попов  |b Ю. А.  |g Юрий Алексеевич 
702 1 |a Учаев  |b П. Н.  |g Петр Николаевич  |4 340 
801 1 |a RU  |b 63413507  |c 20200225 
801 2 |a RU  |b 63413507  |c 20200622  |g RCR 
942 |c BK 
959 |a 6/20200225  |d 2  |e 867,00  |f УФ:2